00642nam a2200217 a 450000100100000000500170001000800410002702000180006804000250008608200210011110000280013224500550016026000320021530000310024749000160027850000210029450000420031565000240035765000270038183000160040800000199720240412074159.0090630s2008 dr c 001 j spa d a9789945864403 aDO-SdBNPbspacBNPHU aRD863.44bC957cu1 aCruz Paulino, Agustín10aCuentos de un soñador /cAgustín Cruz Paulino. aBonao :bLa Campana,c2008. a110 p. :bretrs. ;c22 cm.1 aTío Tín aIncluye índice aIncluye datos biográficos del autor 0aCuentos dominicanos 0aLiteratura dominicana. 0aTío Tín